LEADER 01230nam0-22003251i-450- 001 990006626830403321 005 20040727120311.0 035 $a000662683 035 $aFED01000662683 035 $a(Aleph)000662683FED01 035 $a000662683 100 $a20010426d1982----km-y0itay50------ba 101 0 $aita 105 $ay-------001yy 200 1 $aBologna$erapporto sulla situazione economico-sociale dell'area bolognese$eprima conferenza economico-sociale, Bologna, 18 novembre 1981$fProvincia di Bologna 210 $aRoma$cEd. delle Autonomie$d1982 215 $av.$d23 cm 225 1 $aStrumenti$v3-4-5-6 327 0 $a1.: La società / Fausto Anderlini ...[et al.]$a2.: L'economia / Pier Giorgio Ardeni ... [et al.]$a3.: Il territorio e l'amministrazione / Claudio Claroni ... [et al.]$a4.: I comportamenti / Fausto Anderlini ... [et al.] 710 01$aBologna$c$0254748 801 0$aIT$bUNINA$gRICA$2UNIMARC 901 $aBK 912 $a990006626830403321 952 $aCOLLEZ. 497 (3)$b29288$fFSPBC 952 $aCOLLEZ. 497 (4)$b29289$fFSPBC 952 $aCOLLEZ. 497 (5)$b29290$fFSPBC 952 $aCOLLEZ. 497 (6)$b29291$fFSPBC 959 $aFSPBC 996 $aBologna$9614026 997 $aUNINA LEADER 01760nam 2200493Ka 450 001 9910697923803321 005 20090123081602.0 035 $a(CKB)5470000002393758 035 $a(OCoLC)299141827 035 $a(EXLCZ)995470000002393758 100 $a20090123d1989 ua 0 101 0 $aeng 181 $ctxt$2rdacontent 182 $cc$2rdamedia 183 $acr$2rdacarrier 200 10$aParametric study of electromagnetic waves propagating in absorbing curved S ducts$b[electronic resource] /$fKenneth J. Baumeister 210 1$a[Washington, D.C.] :$cNational Aeronautics and Space Administration,$d[1989] 215 $a23 pages $cdigital, PDF file 225 1 $aNASA technical memorandum ;$v102024 300 $aTitle from title screen (viewed Jan. 22, 2009) 606 $aAbsorbers (materials)$2nasat 606 $aDucts$2nasat 606 $aElectromagnetic absorption$2nasat 606 $aElectromagnetic radiation$2nasat 606 $aElectromagnetic wave transmission$2nasat 606 $aTransverse waves$2nasat 606 $aWave attenuation$2nasat 606 $aWave propagation$2nasat 615 7$aAbsorbers (materials) 615 7$aDucts. 615 7$aElectromagnetic absorption. 615 7$aElectromagnetic radiation. 615 7$aElectromagnetic wave transmission. 615 7$aTransverse waves. 615 7$aWave attenuation. 615 7$aWave propagation. 700 $aBaumeister$b Kenneth J$01400246 712 02$aUnited States.$bNational Aeronautics and Space Administration. 801 0$bGPO 801 1$bGPO 906 $aBOOK 912 $a9910697923803321 996 $aParametric study of electromagnetic waves propagating in absorbing curved S ducts$93488046 997 $aUNINA